Central Library OPAC University of Rajshahi

German history : (Record no. 25231)

MARC details
000 -LEADER
fixed length control field 01390nam a2200265 a 4500
001 - CONTROL NUMBER
control field 25231
003 - CONTROL NUMBER IDENTIFIER
rucl marc code BD-RjUL
005 - DATE AND TIME OF LATEST TRANSACTION
control field 20211209050841.0
008 - FIXED-LENGTH DATA ELEMENTS--GENERAL INFORMATION
fixed length control field 140316s1954 enk b 001 0 eng d
035 ## - SYSTEM CONTROL NUMBER
System control number (BD-RjUL)25300
040 ## - CATALOGING SOURCE
Original cataloging agency DLC
Transcribing agency TJC
Modifying agency BD-RjUL
Language of cataloging eng
041 ## - LANGUAGE CODE
Language code of text/sound track or separate title eng
082 00 - DEWEY DECIMAL CLASSIFICATION NUMBER
Classification number 943.004
Author mark and year GER 1954
245 00 - TITLE STATEMENT
Title German history :
Remainder of title some new German views /
Statement of responsibility, etc. edited by Hans Kohn.
260 ## - PUBLICATION, DISTRIBUTION, ETC. (IMPRINT)
Place of publication, distribution, etc. London :
Name of publisher, distributor, etc. George Allen & Unwin,
Date of publication, distribution, etc. 1954.
300 ## - PHYSICAL DESCRIPTION
Pagination 224 p. ;
Size 23 cm
500 ## - GENERAL NOTE
General note "The German texts were translated by Dr. Herbert H. Rowen."
504 ## - BIBLIOGRAPHY, ETC. NOTE
Bibliography, etc Includes bibliographical references (p. 213-220) and index.
505 0# - FORMATTED CONTENTS NOTE
Formatted contents note Rethinking recent German history / H. Kohn -- The Via Dolorosa of the civilian spirit in Germany / K. Buchheim -- The Bismarck problem / F. Schnabel -- Bismarck and ourselves. Historians and history / A. von Martin -- Militatism in modern history / H. Herzfeld -- Germany and the epoch of world wars / L. Dehio -- Ranke and Burckhardt / F. Meinecke -- The glorification of the state in German historical writing / J.A. von Puttkamer -- Toward a revision of the German concept of history / W. Hofer -- Misfortune and moral decisions in German history / H. Holborn.
651 #0 - SUBJECT ADDED ENTRY--GEOGRAPHIC NAME
Geographic name Germany
General subdivision History.
9 (RLIN) 77614
Geographic name Germany
General subdivision Historiography.
9 (RLIN) 77615
700 1# - ADDED ENTRY--PERSONAL NAME
Personal name Kohn, Hans,
Dates associated with a name 1891-1971.
942 ## - ADDED ENTRY ELEMENTS (KOHA)
Source of classification or shelving scheme Dewey Decimal Classification
Koha item type Books
Holdings
Lost status Source of classification or shelving scheme Damaged status Not for loan Collection code Permanent Location Current Location Shelving location Date acquired Source of acquisition Cost, normal purchase price Total Checkouts Full call number Date last seen Copy number Koha item type
  Dewey Decimal Classification   Added to bundle Non-fiction Central Library, University of Rajshahi Central Library, University of Rajshahi Reading Room 12/09/1956 Pak. American com. 14.10   943.004 GER 1954 16/03/2014 C-1 Books